000 01290nam a2200169Ia 4500
005 20250630125006.0
008 250630s9999 xx 000 0 und d
020 _a9781848851542
082 _a914.9618
_bSUM
100 _aSumner-Boyd, Hilary
245 0 _aStrolling Through Istanbul
260 _bTauris Parke Paperbacks
_c2010
300 _a512 pages
500 _aThis classic guide to Istanbul by Hilary Summer-Boyd and John Freely - the 'best travel guide to Istanbul' ("The Times"), 'a guide book that reads like a novel' ("New York Times") - is here, for the first time since its original publication thirty-seven years ago, published in a completely revised and updated new edition. Taking the reader on foot through this captivating city - European City of Culture 2010 - the authors describe the historic monuments and sites of what was once Constantinople and the capital in turn of the Byzantine and Ottoman Empires, in the context of the great living city. Woven throughout are vivid anecdotes, secret histories, hidden gems and every major place of interest the traveler will want to see. Practical and informative, readable and vividly described, this is the definitive guide to and story of Istanbul, by those who know it best.
650 _aTravel
942 _cENGLISH
999 _c574352
_d574352